High Risk No 4 Nancy Drew Girl Detective (Record no. 593636)

000 -LEADER
fixed length control field 00349nam a22001337a 4500
020 ## - INTERNATIONAL STANDARD BOOK NUMBER
International Standard Book Number 9780689865695
040 ## - CATALOGING SOURCE
Transcribing agency NUST
082 ## - DEWEY DECIMAL CLASSIFICATION NUMBER
Classification number 823-CH KEE
100 ## - MAIN ENTRY--PERSONAL NAME
Personal name Keene, Carolyn
9 (RLIN) 110166
245 ## - TITLE STATEMENT
Title High Risk No 4 Nancy Drew Girl Detective
260 ## - PUBLICATION, DISTRIBUTION, ETC.
Place of publication, distribution, etc. New York:
Name of publisher, distributor, etc. Aladdin PaperBacks,
Date of publication, distribution, etc. 2004.
650 ## - SUBJECT ADDED ENTRY--TOPICAL TERM
Topical term or geographic name entry element English Fiction
9 (RLIN) 110174
942 ## - ADDED ENTRY ELEMENTS (KOHA)
Source of classification or shelving scheme
Koha item type Book
Holdings
Withdrawn status Lost status Source of classification or shelving scheme Damaged status Not for loan Permanent Location Current Location Shelving location Date acquired Shelving control number Full call number Barcode Date last seen Price effective from Koha item type Public note
          College of Electrical & Mechanical Engineering (CEME) College of Electrical & Mechanical Engineering (CEME) Fiction 03/13/2023 English Literature 823-CH KEE CEME-50272 03/13/2023 03/13/2023 Book CART-4
© 2023 Central Library, National University of Sciences and Technology. All Rights Reserved.